| 000 | 00406nam a22001577a 4500 | ||
|---|---|---|---|
| 999 |
_c3599 _d3599 |
||
| 003 | Nust | ||
| 005 | 20170105101220.0 | ||
| 008 | 161119b xxu||||| |||| 00| 0 eng d | ||
| 040 | _cLOC | ||
| 082 | _a300 | ||
| 100 |
_aAbdul Hameed Taga _939 |
||
| 245 | _aSociology and social problems for all degree classes | ||
| 260 |
_aLahore _bAbdul Hameed taga and Sons _c2008 |
||
| 300 | _a413p | ||
| 942 |
_cBK _2ddc |
||